000 00311nam a22001217a 4500
008 230626b xxu||||| |||| 00| 0 eng d
082 _a332.1
_bCBK
100 _cCentral Bank of Kenya
245 _aStatistical Bulletin
_bDecember 2001
260 _bCentral Bank of Kenya
_c2001
300 _a67p
942 _2ddc
_cBK
999 _c2749
_d2749